| 000 -LEADER |
| fixed length control field |
01291nam a22001817a 4500 |
| 003 - CONTROL NUMBER IDENTIFIER |
| control field |
OSt |
| 005 - DATE AND TIME OF LATEST TRANSACTION |
| control field |
20230914155837.0 |
| 008 - FIXED-LENGTH DATA ELEMENTS--GENERAL INFORMATION |
| fixed length control field |
230914b ||||| |||| 00| 0 eng d |
| 020 ## - INTERNATIONAL STANDARD BOOK NUMBER |
| International Standard Book Number |
9781840026603 |
| 040 ## - CATALOGING SOURCE |
| Transcribing agency |
KH8 |
| 082 ## - DEWEY DECIMAL CLASSIFICATION NUMBER |
| Classification number |
820 REA |
| 100 ## - MAIN ENTRY--PERSONAL NAME |
| Personal name |
Reade, Simon, |
| Relator term |
author. |
| 245 ## - TITLE STATEMENT |
| Title |
Private Peaceful / |
| Statement of responsibility, etc. |
Simon Reade. |
| 260 ## - PUBLICATION, DISTRIBUTION, ETC. |
| Place of publication, distribution, etc. |
London; |
| Name of publisher, distributor, etc. |
Oberon Books, |
| Date of publication, distribution, etc. |
2004. |
| 300 ## - PHYSICAL DESCRIPTION |
| Extent |
151 pages ; |
| Dimensions |
13 cm x 21 cm. |
| 520 ## - SUMMARY, ETC. |
| Summary, etc. |
Private Peaceful by Michael Morpurgo, Aladdin and the Enchanted Lamp by Philip Pullman, The Owl Who Was Afraid of the Dark by Jill Tomlinson, all adapted by Simon Reade. Three rites-of-passage plays for the young person in all of us, brilliantly adapted from the books of three best-selling authors. In Michael Morpurgo's moving tale of youth cut short, seventeen year-old Tommo Peaceful relives his innocent rural past as he spends his last night in the trenches of World War One. In Philip Pullman's Aladdin, this ancient magical tale is retold as a story of ambition and self-advancement, a young man's journey from lazy good-for-nothing to great wealth and power. And in Jill Tomlinson's delightfully witty classic, a fledgling Barn Owl conquers his fears through a series of eye-opening encounters. These plays are for audiences of all ages. |
| 942 ## - ADDED ENTRY ELEMENTS (KOHA) |
| Source of classification or shelving scheme |
|
| Koha item type |
Teaching Resources |